00505nam a22001817a 450000500170000001000150001702000260003203500140005803700130007208200120008510000180009724500540011526000380016927000520020730000280025950000190028770000170030620170808122823.0 aENG-119648 a9789386551405c195.00 aEN-103180 bDBAD/PUB a005.276 aMcGrath, Mike aPHP and MySQL :bin easy steps /cby Mike McGrath aNew DelhibBPB Publicationsc2017 a20, Ansari Road, Darya Ganj,bNew Delhie110002 a192p. :billc25cm(pbk) aIncludes Index aMike McGrath